000 01017nam a22002297a 4500
003 OSt
005 20250917091119.0
008 240228b ||||| |||| 00| 0 eng d
040 _c0
082 _aDPer 621.317 Ie21 June 2022 v. 37 n. 6
100 _aTalebian, Iman.
_eauthor.
_953688
245 _aAnalysis, design, and investigation of a soft-switched buck converter with high efficiency /
_cIman Talebian, Peyman Alavi, Vafa Marzang, Ebrahim Babaei, and Arash Khoshkbar-Sadigh.
260 _aNew York ;
_bThe Institute of Electrical and Electronics Engineers, Inc. ,
_cJune 2022.
300 _aVolume 37, pages 6899-6912 :
_billustration ;
_c29 cm.
500 _aIEEE Transactions on Power Electronics, vol. 37, no. 6, pages 6899-6912, June 2022.
700 _aTalebian, Iman.
_eauthor.
_953688
700 _aAlavi, Peyman.
_eauthor.
_953689
700 _aMarzang, Vafa.
_eauthor.
_953690
700 _aBabaei, Ebrahim.
_eauthor.
_953691
700 _aKhoshkbar-Sadigh, Arash.
_eauthor.
_953692
942 _2ddc
_cPER
999 _c19437
_d19437